[Event "Bayern-chI Bank Hofmann 20th"]
[Site "Bad Wiessee"]
[Date "2016.11.01"]
[Round "4"]
[White "Bopp, Thomas"]
[Black "Zhigalko, Sergei"]
[Result "0-1"]
[WhiteElo "2164"]
[BlackElo "2669"]
[PlyCount "106"]
[EventDate "2016.10.29"]
[EventType "swiss"]
[EventRounds "9"]
[EventCountry "GER"]
[SourceTitle "CBM 175 Extra"]
[Source "ChessBase"]
[SourceDate "2016.12.12"]
[SourceVersion "1"]
[SourceVersionDate "2016.12.12"]
[SourceQuality "1"]

1. Nf3 Nf6 2. c4 e6 3. g3 a6 4. Nc3 d5 5. d4 dxc4 6. Bg2 b5 7. Ne5 Ra7 8. Bc6+ Bd7 9. Bg2 Bb4 10. O-O O-O 11. Be3 Bxc3 12. bxc3 Nd5 13. Bd2 Nc6 14. Nxd7 Qxd7 15. e4 Nb6 16. Be3 Raa8 17. f4 Rae8 18. f5 exf5 19. Rxf5 Ne7 20. Rh5 f5 21. d5 Nexd5 22. Bc5 Ne7 23. Qf3 Qd3 24. exf5 Qxf3 25. Bxf3 Na4 26. Bb4 c5 27. Ba5 g6 28. fxg6 hxg6 29. Bd5+ Kg7 30. Re5 Nxd5 31. Rxd5 Re2 32. Bc7 Rfe8 33. Bd8 Re1+ 34. Rxe1 Rxe1+ 35. Kf2 Ra1 36. Rd7+ Kf8 37. Bf6 Rxa2+ 38. Kf3 b4 39. cxb4 cxb4 40. Rc7 a5 41. Rxc4 Rxh2 42. Bd8 Rh5 43. Bxa5 Rxa5 44. Rxb4 Nc5 45. Rb6 Kg7 46. Rc6 Nd3 47. Re6 Rf5+ 48. Ke3 Nf2 49. Ra6 Kh6 50. Ra4 Kg5 51. Rf4 Ng4+ 52. Ke4 Nf6+ 53. Kf3 Rxf4+ 0-1

[Event "Bayern-chI Bank Hofmann 20th"]
[Site "Bad Wiessee"]
[Date "2016.11.02"]
[Round "5"]
[White "Zhigalko, Sergei"]
[Black "Meins, Gerlef"]
[Result "1-0"]
[WhiteElo "2669"]
[BlackElo "2414"]
[PlyCount "69"]
[EventDate "2016.10.29"]
[EventType "swiss"]
[EventRounds "9"]
[EventCountry "GER"]
[SourceTitle "CBM 175 Extra"]
[Source "ChessBase"]
[SourceDate "2016.12.12"]
[SourceVersion "1"]
[SourceVersionDate "2016.12.12"]
[SourceQuality "1"]

1. e4 c5 2. Nf3 d6 3. d4 cxd4 4. Nxd4 Nf6 5. Nc3 Nc6 6. Bg5 e6 7. Qd2 a6 8. O-O-O h6 9. Be3 Qc7 10. f3 Rb8 11. Kb1 Be7 12. g4 Ne5 13. a4 Bd7 14. g5 hxg5 15. Bxg5 Rc8 16. f4 Nc6 17. Nb3 Rd8 18. h4 Nh5 19. Bxe7 Nxe7 20. Rg1 g6 21. Be2 e5 22. f5 gxf5 23. Qg5 Nf4 24. Qf6 Rg8 25. h5 Be6 26. h6 Rxg1 27. Rxg1 Kd7 28. h7 Qc8 29. Rd1 Nxe2 30. Nxe2 fxe4 31. Qxe5 Ng6 32. Rxd6+ Ke7 33. Rxd8 Qxd8 34. Qg5+ Ke8 35. Qxg6 1-0

[Event "Bayern-chI Bank Hofmann 20th"]
[Site "Bad Wiessee"]
[Date "2016.11.03"]
[Round "6"]
[White "Zhigalko, Sergei"]
[Black "Azarov, Sergei Nikolaevich"]
[Result "1/2-1/2"]
[WhiteElo "2669"]
[BlackElo "2577"]
[PlyCount "51"]
[EventDate "2016.10.29"]
[EventType "swiss"]
[EventRounds "9"]
[EventCountry "GER"]
[SourceTitle "CBM 175 Extra"]
[Source "ChessBase"]
[SourceDate "2016.12.12"]
[SourceVersion "1"]
[SourceVersionDate "2016.12.12"]
[SourceQuality "1"]

1. e4 c5 2. Nf3 Nc6 3. d4 cxd4 4. Nxd4 g6 5. c4 Nf6 6. Nc3 d6 7. Be2 Nxd4 8. Qxd4 Bg7 9. Be3 O-O 10. Qd2 a5 11. O-O a4 12. Rab1 Qa5 13. Rfc1 Be6 14. b4 axb3 15. axb3 Rfc8 16. h3 h5 17. b4 Qd8 18. c5 Ra3 19. Rc2 Rca8 20. cxd6 exd6 21. Bd4 d5 22. exd5 Nxd5 23. Nb5 Bxd4 24. Qxd4 R3a4 25. Rd2 Qg5 26. h4 1/2-1/2

[Event "Bayern-chI Bank Hofmann 20th"]
[Site "Bad Wiessee"]
[Date "2016.11.04"]
[Round "7"]
[White "Schroeder, Jan Christian"]
[Black "Zhigalko, Sergei"]
[Result "1/2-1/2"]
[WhiteElo "2514"]
[BlackElo "2669"]
[PlyCount "30"]
[EventDate "2016.10.29"]
[EventType "swiss"]
[EventRounds "9"]
[EventCountry "GER"]
[SourceTitle "CBM 175 Extra"]
[Source "ChessBase"]
[SourceDate "2016.12.12"]
[SourceVersion "1"]
[SourceVersionDate "2016.12.12"]
[SourceQuality "1"]

1. e4 c5 2. Nf3 d6 3. d4 cxd4 4. Nxd4 Nf6 5. Nc3 a6 6. Be3 e5 7. Nf3 Be7 8. Bc4 O-O 9. O-O Nc6 10. Bb3 Be6 11. Qe2 Rc8 12. Rfd1 Qc7 13. Bg5 Ne8 14. Be3 Nf6 15. Bg5 Ne8 1/2-1/2

[Event "Bayern-chI Bank Hofmann 20th"]
[Site "Bad Wiessee"]
[Date "2016.11.05"]
[Round "8"]
[White "Zhigalko, Sergei"]
[Black "Hoffmann, Michael"]
[Result "1-0"]
[WhiteElo "2669"]
[BlackElo "2471"]
[PlyCount "55"]
[EventDate "2016.10.29"]
[EventType "swiss"]
[EventRounds "9"]
[EventCountry "GER"]
[SourceTitle "CBM 175 Extra"]
[Source "ChessBase"]
[SourceDate "2016.12.12"]
[SourceVersion "1"]
[SourceVersionDate "2016.12.12"]
[SourceQuality "1"]

1. e4 c5 2. c3 d5 3. exd5 Qxd5 4. d4 Nf6 5. Nf3 e6 6. Na3 a6 7. Nc4 Nbd7 8. Be2 b5 9. Ne3 Qc6 10. a4 b4 11. cxb4 cxb4 12. Bd2 Bb7 13. Rc1 Qd6 14. Nc4 Qd5 15. a5 Be7 16. Qa4 O-O 17. Bxb4 Bxb4+ 18. Qxb4 Qb5 19. Qa3 Rac8 20. O-O Bxf3 21. Qxf3 Rb8 22. Rc2 Rfd8 23. Rfc1 h6 24. Qa3 Qd5 25. Ne3 Qxd4 26. Bxa6 Ne5 27. Bf1 Qf4 28. Nc4 1-0

[Event "ROM-chT"]
[Site "Calimanesti Caciulata"]
[Date "2016.11.19"]
[Round "1.2"]
[White "Perunovic, Milos"]
[Black "Zhigalko, Sergei"]
[Result "1/2-1/2"]
[WhiteElo "2616"]
[BlackElo "2669"]
[PlyCount "94"]
[EventDate "2016.11.19"]
[EventType "team-tourn"]
[EventRounds "9"]
[EventCountry "ROU"]
[SourceTitle "CBM 175 Extra"]
[Source "ChessBase"]
[SourceDate "2016.12.12"]
[SourceVersion "1"]
[SourceVersionDate "2016.12.12"]
[SourceQuality "1"]
[WhiteTeam "Oltenia Pro Logos"]
[BlackTeam "Vados"]
[WhiteTeamCountry "ROU"]
[BlackTeamCountry "ROU"]

1. e4 c5 2. Nf3 Nc6 3. d4 cxd4 4. Nxd4 Qc7 5. Nc3 e6 6. Be3 a6 7. Bd3 Nf6 8. O-O h5 9. h3 b5 10. Nxc6 Qxc6 11. a3 Bb7 12. Re1 Rc8 13. Qd2 Be7 14. f3 h4 15. e5 Nh5 16. Be4 Qc7 17. Bxb7 Qxb7 18. Ne4 Ng3 19. Nxg3 hxg3 20. Rad1 Rh4 21. c3 a5 22. Re2 b4 23. axb4 axb4 24. Bd4 Qb5 25. Qe1 bxc3 26. bxc3 Bg5 27. Re4 Qb3 28. Rb1 Qc2 29. Re2 Qd3 30. Reb2 Rxd4 31. cxd4 Qxd4+ 32. Kh1 Bf4 33. Rb6 Rc6 34. Rb8+ Ke7 35. Qb4+ Qxb4 36. R8xb4 Bxe5 37. Kg1 g5 38. h4 Bd6 39. Ra4 Bc5+ 40. Kf1 gxh4 41. Rxh4 e5 42. Ke2 Ke6 43. Rg4 Bf2 44. Rg5 d5 45. Rg8 Kf5 46. Rd8 Ke6 47. Re8+ Kf5 1/2-1/2

[Event "ROM-chT"]
[Site "Calimanesti Caciulata"]
[Date "2016.11.20"]
[Round "2.4"]
[White "Zhigalko, Sergei"]
[Black "Deac, Bogdan Daniel"]
[Result "1/2-1/2"]
[WhiteElo "2669"]
[BlackElo "2559"]
[PlyCount "51"]
[EventDate "2016.11.19"]
[EventType "team-tourn"]
[EventRounds "9"]
[EventCountry "ROU"]
[SourceTitle "CBM 175 Extra"]
[Source "ChessBase"]
[SourceDate "2016.12.12"]
[SourceVersion "1"]
[SourceVersionDate "2016.12.12"]
[SourceQuality "1"]
[WhiteTeam "Vados"]
[BlackTeam "Ploiesti Universitar"]
[WhiteTeamCountry "ROU"]
[BlackTeamCountry "ROU"]

1. d4 Nf6 2. c4 g6 3. Nc3 d5 4. Bf4 Bg7 5. Rc1 O-O 6. e3 Be6 7. c5 c6 8. h3 Bc8 9. Nf3 Nfd7 10. e4 dxe4 11. Nxe4 Nf6 12. Nc3 Be6 13. Qd2 Bd5 14. Nxd5 Nxd5 15. Bh2 a5 16. Bc4 b5 17. Bd3 a4 18. O-O Nd7 19. a3 Qa5 20. Qg5 e6 21. Rfe1 Rfe8 22. Bd6 Qd8 23. Qd2 Qa5 24. Qg5 Qd8 25. Qd2 Qa5 26. Qg5 1/2-1/2

[Event "ROM-chT"]
[Site "Calimanesti Caciulata"]
[Date "2016.11.21"]
[Round "3.3"]
[White "Fedorov, Alexei"]
[Black "Zhigalko, Sergei"]
[Result "1/2-1/2"]
[WhiteElo "2563"]
[BlackElo "2669"]
[PlyCount "44"]
[EventDate "2016.11.19"]
[EventType "team-tourn"]
[EventRounds "9"]
[EventCountry "ROU"]
[SourceTitle "CBM 175 Extra"]
[Source "ChessBase"]
[SourceDate "2016.12.12"]
[SourceVersion "1"]
[SourceVersionDate "2016.12.12"]
[SourceQuality "1"]
[WhiteTeam "Iasi Politehnica"]
[BlackTeam "Vados"]
[WhiteTeamCountry "ROU"]
[BlackTeamCountry "ROU"]

1. e4 c5 2. Ne2 Nf6 3. Nbc3 d6 4. g3 g6 5. Bg2 Bg7 6. d4 cxd4 7. Nxd4 O-O 8. O-O Nc6 9. Nde2 Nd7 10. a4 Nc5 11. h3 Bd7 12. b3 Rc8 13. Be3 Re8 14. Rc1 a6 15. Nd5 b5 16. axb5 axb5 17. Qd2 e6 18. Ndf4 Qc7 19. Rfd1 Nb7 20. Nd3 Qa5 21. b4 Qc7 22. c4 Qa5 1/2-1/2

[Event "ROM-chT"]
[Site "Calimanesti Caciulata"]
[Date "2016.11.22"]
[Round "4.3"]
[White "Zhigalko, Sergei"]
[Black "Vasilescu, Lucian Mihail"]
[Result "1-0"]
[WhiteElo "2669"]
[BlackElo "2283"]
[PlyCount "44"]
[EventDate "2016.11.19"]
[EventType "team-tourn"]
[EventRounds "9"]
[EventCountry "ROU"]
[SourceTitle "CBM 175 Extra"]
[Source "ChessBase"]
[SourceDate "2016.12.12"]
[SourceVersion "1"]
[SourceVersionDate "2016.12.12"]
[SourceQuality "1"]
[WhiteTeam "Vados"]
[BlackTeam "Otopeni"]
[WhiteTeamCountry "ROU"]
[BlackTeamCountry "ROU"]

1. e4 d6 2. d4 Nf6 3. Nc3 e5 4. Nf3 Nbd7 5. Bc4 Be7 6. a4 O-O 7. O-O a6 8. Qe2 exd4 9. Nxd4 Ne5 10. Ba2 c5 11. Nf3 Bg4 12. Bf4 Bxf3 13. gxf3 Qd7 14. Bg3 Qh3 15. f4 Nc6 16. e5 Nd4 17. Qd3 Ng4 18. Bd5 Rad8 19. Rad1 dxe5 20. fxe5 Qh5 21. Rfe1 Bh4 22. Bxh4 Qxh4 1-0

[Event "ROM-chT"]
[Site "Calimanesti Caciulata"]
[Date "2016.11.23"]
[Round "5.4"]
[White "Areshchenko, Alexander"]
[Black "Zhigalko, Sergei"]
[Result "1/2-1/2"]
[WhiteElo "2673"]
[BlackElo "2669"]
[PlyCount "121"]
[EventDate "2016.11.19"]
[EventType "team-tourn"]
[EventRounds "9"]
[EventCountry "ROU"]
[SourceTitle "CBM 175 Extra"]
[Source "ChessBase"]
[SourceDate "2016.12.12"]
[SourceVersion "1"]
[SourceVersionDate "2016.12.12"]
[SourceQuality "1"]
[WhiteTeam "Timisoara Medicina"]
[BlackTeam "Vados"]
[WhiteTeamCountry "ROU"]
[BlackTeamCountry "ROU"]

1. e4 c5 2. Nf3 Nc6 3. d4 cxd4 4. Nxd4 Nf6 5. Nc3 e5 6. Ndb5 d6 7. Bg5 a6 8. Na3 b5 9. Nd5 Be7 10. Bxf6 Bxf6 11. c4 b4 12. Nc2 O-O 13. g3 a5 14. h4 Be6 15. Bg2 Bxd5 16. cxd5 Nd4 17. Nxd4 exd4 18. O-O d3 19. Rb1 Qb6 20. Qxd3 Rac8 21. Bh3 Rc7 22. Bg4 a4 23. Kg2 g6 24. Bd1 Ra8 25. h5 Qd4 26. Qxd4 Bxd4 27. hxg6 hxg6 28. Re1 Ra5 29. Re2 Kf8 30. Rd2 Bg7 31. f4 Ke7 32. Kf3 Rcc5 33. Bc2 Ra7 34. Re2 Raa5 35. Kg4 Ra7 36. Rh2 Bd4 37. Rd2 Be3 38. Re2 Bd4 39. Bd1 Bg7 40. Rd2 Ra8 41. Bc2 Ra7 42. Re2 Bd4 43. Kf3 Bg7 44. Kg2 Bd4 45. b3 Rac7 46. Bd3 axb3 47. axb3 Rc1 48. Rxc1 Rxc1 49. e5 Bc3 50. e6 Re1 51. Ra2 Ra1 52. Rf2 Rd1 53. Rf3 Rd2+ 54. Kh3 Bd4 55. exf7 Kxf7 56. Bc4 Rc2 57. Rd3 Bf2 58. Kg4 Kf6 59. Kf3 Bc5 60. Rd1 Rc3+ 61. Rd3 1/2-1/2

[Event "ROM-chT"]
[Site "Calimanesti Caciulata"]
[Date "2016.11.24"]
[Round "6.2"]
[White "Zhigalko, Sergei"]
[Black "Tarlev, Konstantin"]
[Result "1/2-1/2"]
[WhiteElo "2669"]
[BlackElo "2596"]
[PlyCount "119"]
[EventDate "2016.11.19"]
[EventType "team-tourn"]
[EventRounds "9"]
[EventCountry "ROU"]
[SourceTitle "CBM 175 Extra"]
[Source "ChessBase"]
[SourceDate "2016.12.12"]
[SourceVersion "1"]
[SourceVersionDate "2016.12.12"]
[SourceQuality "1"]
[WhiteTeam "Vados"]
[BlackTeam "Techirghiol Victoria"]
[WhiteTeamCountry "ROU"]
[BlackTeamCountry "ROU"]

1. e4 g6 2. d4 Bg7 3. Nc3 d6 4. Be3 Nf6 5. f3 a6 6. Qd2 b5 7. Bh6 Bxh6 8. Qxh6 e5 9. O-O-O exd4 10. Rxd4 Be6 11. Nge2 Nbd7 12. Rd2 Ne5 13. Nd5 Bxd5 14. exd5 Nc4 15. Rd1 Ng8 16. Qf4 Qf6 17. Qd4 Kf8 18. a4 Re8 19. axb5 axb5 20. Nc3 Qxd4 21. Rxd4 Re1+ 22. Rd1 Rxd1+ 23. Nxd1 Nb6 24. Ne3 b4 25. Bb5 Ne7 26. Rd1 Kg7 27. Rd4 Ra8 28. Bc6 Ra5 29. Kd2 Nxc6 30. dxc6 Rc5 31. Rxb4 Rxc6 32. Rb5 Nc4+ 33. Nxc4 Rxc4 34. Kd3 Rc6 35. b4 Kf6 36. c4 Ke6 37. g4 Ra6 38. Ra5 Rb6 39. b5 Rb8 40. Ra7 Kd7 41. Kd4 g5 42. Kd5 h6 43. Kd4 Kd8 44. Kd5 Kd7 45. h3 Kd8 46. f4 gxf4 47. Ra1 Kd7 48. Rf1 Rg8 49. Rxf4 Rg5+ 50. Rf5 f6 51. c5 Rxf5+ 52. gxf5 dxc5 53. Kxc5 Kd8 54. Kd4 Ke7 55. Kd5 Kd7 56. h4 h5 57. Kc5 Kd8 58. Kc6 Kc8 59. Kd5 Kd7 60. Kc5 1/2-1/2

[Event "ROM-chT"]
[Site "Calimanesti Caciulata"]
[Date "2016.11.25"]
[Round "7.5"]
[White "Vedmediuc, Serghei"]
[Black "Zhigalko, Sergei"]
[Result "0-1"]
[WhiteElo "2456"]
[BlackElo "2669"]
[PlyCount "82"]
[EventDate "2016.11.19"]
[EventType "team-tourn"]
[EventRounds "9"]
[EventCountry "ROU"]
[SourceTitle "CBM 175 Extra"]
[Source "ChessBase"]
[SourceDate "2016.12.12"]
[SourceVersion "1"]
[SourceVersionDate "2016.12.12"]
[SourceQuality "1"]
[WhiteTeam "Galati"]
[BlackTeam "Vados"]
[WhiteTeamCountry "ROU"]
[BlackTeamCountry "ROU"]

1. e4 e5 2. Nf3 Nc6 3. Bb5 a6 4. Ba4 Nf6 5. O-O Be7 6. Re1 b5 7. Bb3 d6 8. c3 O-O 9. h3 Na5 10. Bc2 c5 11. d4 Nd7 12. d5 Nb6 13. Nbd2 g6 14. b4 Nb7 15. a4 bxa4 16. Bxa4 Nxa4 17. Qxa4 Bd7 18. Qb3 Qc7 19. Bb2 Rfc8 20. Rec1 Bf8 21. Ba3 Bh6 22. c4 cxb4 23. Bxb4 a5 24. Ba3 Nc5 25. Qa2 a4 26. Rcb1 Ra7 27. Qc2 f5 28. Re1 Ra6 29. exf5 gxf5 30. Nh4 Rf8 31. Bxc5 Qxc5 32. g4 Qa5 33. Re2 fxg4 34. Ne4 Qd8 35. Ng2 gxh3 36. Ne3 Qh4 37. Ra3 Kh8 38. Ng3 Bf4 39. Kh2 Rg8 40. Nef1 Qg4 41. Kh1 Rb6 0-1

[Event "ROM-chT"]
[Site "Calimanesti Caciulata"]
[Date "2016.11.26"]
[Round "8.1"]
[White "Volokitin, Andrei"]
[Black "Zhigalko, Sergei"]
[Result "1/2-1/2"]
[WhiteElo "2668"]
[BlackElo "2669"]
[PlyCount "48"]
[EventDate "2016.11.19"]
[EventType "team-tourn"]
[EventRounds "9"]
[EventCountry "ROU"]
[SourceTitle "CBM 175 Extra"]
[Source "ChessBase"]
[SourceDate "2016.12.12"]
[SourceVersion "1"]
[SourceVersionDate "2016.12.12"]
[SourceQuality "1"]
[WhiteTeam "Timisoara AEM"]
[BlackTeam "Vados"]
[WhiteTeamCountry "ROU"]
[BlackTeamCountry "ROU"]

1. Nf3 Nf6 2. c4 e6 3. g3 d5 4. d4 Bb4+ 5. Nbd2 O-O 6. Bg2 a5 7. O-O b6 8. Ne5 Bb7 9. Qc2 Be7 10. cxd5 exd5 11. Rd1 Na6 12. Nb3 c5 13. dxc5 Nxc5 14. a3 Rc8 15. Nd4 Bd6 16. Nef3 Nce4 17. Qd3 Ng4 18. Rf1 Re8 19. h3 Ngf6 20. Bf4 Bc5 21. Qc2 Ra8 22. Qd3 Rc8 23. Qb3 Rf8 24. Qd3 Re8 1/2-1/2

[Event "Rome City op 1st"]
[Site "Rome"]
[Date "2016.12.04"]
[Round "1"]
[White "Zhigalko, Sergei"]
[Black "Krishna Teja, N."]
[Result "1-0"]
[WhiteElo "2671"]
[BlackElo "2253"]
[PlyCount "47"]
[EventDate "2016.12.04"]
[EventType "swiss"]
[EventRounds "9"]
[EventCountry "ITA"]
[SourceTitle "CBM 176 Extra"]
[Source "ChessBase"]
[SourceDate "2017.03.02"]
[SourceVersion "1"]
[SourceVersionDate "2017.03.02"]
[SourceQuality "1"]

1. e4 e6 2. d4 d5 3. e5 c5 4. c3 Bd7 5. Nf3 Qb6 6. Be2 Bb5 7. Bxb5+ Qxb5 8. a4 Qb6 9. dxc5 Bxc5 10. b4 Be7 11. O-O Nd7 12. a5 Qd8 13. Na3 g5 14. Re1 a6 15. Bd2 Rc8 16. Qe2 Nb8 17. Nd4 h5 18. Red1 Rc7 19. Rac1 Rd7 20. c4 dxc4 21. Bc3 g4 22. Nxc4 Bg5 23. Nd6+ Kf8 24. Bd2 1-0

[Event "Rome City op 1st"]
[Site "Rome"]
[Date "2016.12.05"]
[Round "2"]
[White "Swayams, Mishra"]
[Black "Zhigalko, Sergei"]
[Result "0-1"]
[WhiteElo "2473"]
[BlackElo "2671"]
[PlyCount "72"]
[EventDate "2016.12.04"]
[EventType "swiss"]
[EventRounds "9"]
[EventCountry "ITA"]
[SourceTitle "CBM 176 Extra"]
[Source "ChessBase"]
[SourceDate "2017.03.02"]
[SourceVersion "1"]
[SourceVersionDate "2017.03.02"]
[SourceQuality "1"]

1. d4 Nf6 2. c4 e6 3. Nc3 Bb4 4. e3 O-O 5. Nge2 d5 6. a3 Be7 7. cxd5 exd5 8. Nf4 Re8 9. Bd3 c6 10. O-O Nbd7 11. f3 Nf8 12. Bc2 Ne6 13. Nxe6 Bxe6 14. Qd3 g6 15. e4 c5 16. Ba4 dxe4 17. fxe4 Qxd4+ 18. Qxd4 cxd4 19. Nd5 Bxd5 20. Bxe8 Bc4 21. Bxf7+ Kxf7 22. e5 Bxf1 23. exf6 Bxf6 24. Kxf1 Rc8 25. Bf4 Rc2 26. b4 Ke6 27. Rc1 Rxc1+ 28. Bxc1 Kd5 29. Ke2 Kc4 30. g4 b5 31. h3 a6 32. Ke1 d3 33. Kd1 Bc3 34. h4 Kb3 35. h5 gxh5 36. gxh5 Bb2 0-1

[Event "Rome City op 1st"]
[Site "Rome"]
[Date "2016.12.05"]
[Round "3"]
[White "Zhigalko, Sergei"]
[Black "Petkov, Vladimir"]
[Result "1/2-1/2"]
[WhiteElo "2671"]
[BlackElo "2515"]
[PlyCount "153"]
[EventDate "2016.12.04"]
[EventType "swiss"]
[EventRounds "9"]
[EventCountry "ITA"]
[SourceTitle "CBM 176 Extra"]
[Source "ChessBase"]
[SourceDate "2017.03.02"]
[SourceVersion "1"]
[SourceVersionDate "2017.03.02"]
[SourceQuality "1"]

1. e4 e5 2. Nf3 Nc6 3. Bb5 Nf6 4. d3 Bc5 5. Bxc6 dxc6 6. Nbd2 Bd6 7. Nc4 Nd7 8. h4 c5 9. h5 Qe7 10. Nh4 g6 11. Nf3 Rg8 12. Be3 Nf6 13. hxg6 hxg6 14. Qd2 Ng4 15. Qc3 b6 16. a4 Bb7 17. Rh7 Nxe3 18. fxe3 O-O-O 19. O-O-O Qe8 20. Nfxe5 Bxe5 21. Qxe5 Qxe5 22. Nxe5 f5 23. Rf1 Rde8 24. Nc4 Ba6 25. b3 Bxc4 26. bxc4 Rgf8 27. exf5 Rxe3 28. g4 gxf5 29. gxf5 Re5 30. Rg1 Kb7 31. Rgg7 Rc8 32. Rf7 Re2 33. Rd7 Rf2 34. Rhf7 Rf1+ 35. Kb2 Rf2 36. Rde7 Kc6 37. Kb3 Kb7 38. Kb2 Kc6 39. Kc1 Kb7 40. Kd1 Ka6 41. Re2 Rf3 42. Kd2 Kb7 43. a5 Ka6 44. axb6 axb6 45. Ke1 Kb7 46. Rf2 Re8+ 47. Kf1 Rfe3 48. Rg7 Rf8 49. Kg2 Re5 50. Rg5 Re3 51. Rg3 Re5 52. Rg5 Re3 53. Rg7 Re5 54. f6 Kc6 55. Kg3 Re6 56. Rg6 Kd6 57. Kg4 Re1 58. Kf5 Re5+ 59. Kg4 Re1 60. Kg5 Rf7 61. Kf5 Re5+ 62. Kg4 Re1 63. Rf4 Re2 64. Kf5 Re5+ 65. Kg4 Re2 66. Kg5 Rg2+ 67. Kf5 Rxc2 68. Rg7 Rf8 69. f7 Re2 70. Kg6 Ke7 71. Rh7 c6 72. Rh5 Rg2+ 73. Kf5 Rxf7+ 74. Ke4 Re2+ 75. Kf3 Rb2 76. Rxf7+ Kxf7 77. Rh6 1/2-1/2

[Event "Rome City op 1st"]
[Site "Rome"]
[Date "2016.12.06"]
[Round "4"]
[White "Madeira, Wagner Martins"]
[Black "Zhigalko, Sergei"]
[Result "0-1"]
[WhiteElo "2172"]
[BlackElo "2671"]
[PlyCount "102"]
[EventDate "2016.12.04"]
[EventType "swiss"]
[EventRounds "9"]
[EventCountry "ITA"]
[SourceTitle "CBM 176 Extra"]
[Source "ChessBase"]
[SourceDate "2017.03.02"]
[SourceVersion "1"]
[SourceVersionDate "2017.03.02"]
[SourceQuality "1"]

1. e4 g6 2. d4 Bg7 3. Nc3 d6 4. Nf3 a6 5. a4 Nf6 6. Be2 O-O 7. O-O b6 8. Re1 Bb7 9. Bf1 e6 10. Bf4 h6 11. h3 Nbd7 12. Qd2 Kh7 13. Rad1 Qe7 14. e5 Nh5 15. Ne4 d5 16. Ng3 Nxf4 17. Qxf4 c5 18. c3 c4 19. h4 b5 20. Ra1 b4 21. a5 Bc6 22. Be2 Rab8 23. Qd2 Rb5 24. Bd1 b3 25. h5 Qd8 26. Nh2 Rxa5 27. Bg4 Re8 28. Qf4 Re7 29. Bh3 Rxa1 30. Rxa1 a5 31. Ng4 Nf8 32. hxg6+ fxg6 33. Nf6+ Kh8 34. Ng4 Kh7 35. Nf6+ Bxf6 36. Qxf6 a4 37. Ne2 Qe8 38. f4 Rf7 39. Qh4 Qe7 40. Qe1 Bd7 41. g4 Kh8 42. Kg2 g5 43. Qd2 gxf4 44. Nxf4 Qg5 45. Rf1 a3 46. bxa3 Kg8 47. Rf2 b2 48. Qxb2 Rxf4 49. Rxf4 Qxf4 50. Qb4 Be8 51. Qe7 Bg6 0-1

[Event "Rome City op 1st"]
[Site "Rome"]
[Date "2016.12.07"]
[Round "5"]
[White "Camacho Collados, Jose"]
[Black "Zhigalko, Sergei"]
[Result "1/2-1/2"]
[WhiteElo "2388"]
[BlackElo "2671"]
[PlyCount "119"]
[EventDate "2016.12.04"]
[EventType "swiss"]
[EventRounds "9"]
[EventCountry "ITA"]
[SourceTitle "CBM 176 Extra"]
[Source "ChessBase"]
[SourceDate "2017.03.02"]
[SourceVersion "1"]
[SourceVersionDate "2017.03.02"]
[SourceQuality "1"]

1. Nf3 Nf6 2. g3 d5 3. Bg2 c6 4. O-O Bg4 5. d4 Nbd7 6. Nbd2 h6 7. Ne5 Bf5 8. a4 e6 9. Nxd7 Qxd7 10. a5 Be7 11. Nf3 Bd6 12. c4 O-O 13. Bf4 Bxf4 14. gxf4 Be4 15. e3 dxc4 16. Ne5 Qd5 17. Bxe4 Nxe4 18. Qc2 Nd6 19. Rfc1 Rfd8 20. Nxc4 Nxc4 21. Qxc4 Qh5 22. a6 Rab8 23. axb7 Rxb7 24. Qxc6 Rxb2 25. Qg2 a5 26. Rc5 Rd5 27. Rc8+ Kh7 28. Rac1 Rf5 29. Kh1 Rd5 30. Rf8 a4 31. Rg1 Qg6 32. Ra8 Qxg2+ 33. Kxg2 Ra2 34. Ra7 Rf5 35. h4 g5 36. hxg5 hxg5 37. Kf3 gxf4 38. exf4 Ra3+ 39. Ke4 Rh3 40. f3 Rh4 41. Rg4 Rhh5 42. Ke3 Kh6 43. Ra8 Kh7 44. Rxa4 Ra5 45. Rxa5 Rxa5 46. Rg5 f5 47. Rg3 Ra3+ 48. Ke2 Rb3 49. Rg1 Ra3 50. d5 exd5 51. Rg5 d4 52. Rxf5 Kg6 53. Rd5 Ra2+ 54. Kd3 Ra3+ 55. Ke2 Ra2+ 56. Ke1 d3 57. Rxd3 Kf5 58. Rd4 Rb2 59. Rd2 Rxd2 60. Kxd2 1/2-1/2

[Event "Rome City op 1st"]
[Site "Rome"]
[Date "2016.12.08"]
[Round "6"]
[White "Zhigalko, Sergei"]
[Black "Gabuzyan, Hovhannes"]
[Result "0-1"]
[WhiteElo "2671"]
[BlackElo "2577"]
[PlyCount "68"]
[EventDate "2016.12.04"]
[EventType "swiss"]
[EventRounds "9"]
[EventCountry "ITA"]
[SourceTitle "CBM 176 Extra"]
[Source "ChessBase"]
[SourceDate "2017.03.02"]
[SourceVersion "1"]
[SourceVersionDate "2017.03.02"]
[SourceQuality "1"]

1. e4 c5 2. c3 Nf6 3. e5 Nd5 4. Nf3 Nc6 5. Bc4 Nb6 6. Bb3 c4 7. Bc2 Qc7 8. Qe2 g5 9. h3 Bg7 10. O-O Nxe5 11. Nxg5 h6 12. Nf3 d6 13. Na3 Bd7 14. b3 Nxf3+ 15. Qxf3 Bc6 16. Qe2 Bf6 17. bxc4 Rg8 18. Be4 d5 19. cxd5 Nxd5 20. Qf3 O-O-O 21. Kh1 e6 22. Rb1 a6 23. Nc2 Bxc3 24. dxc3 f5 25. Bxf5 exf5 26. Nd4 Rxg2 27. Kxg2 Ne3+ 28. fxe3 Rg8+ 29. Kh1 Bxf3+ 30. Nxf3 Qc4 31. Rf2 Qd3 32. Ra1 Qd1+ 33. Kh2 Qd6+ 34. Kh1 Qg3 0-1

[Event "EU-ch rapid"]
[Site "Tallinn"]
[Date "2016.12.15"]
[Round "1"]
[White "Zhigalko, Sergei"]
[Black "Auzins, Artis"]
[Result "1-0"]
[WhiteElo "2671"]
[BlackElo "2151"]
[PlyCount "86"]
[EventDate "2016.12.15"]
[EventType "swiss (rapid)"]
[EventRounds "11"]
[EventCountry "EST"]
[SourceTitle "CBM 176 Extra"]
[Source "ChessBase"]
[SourceDate "2017.03.02"]
[SourceVersion "1"]
[SourceVersionDate "2017.03.02"]
[SourceQuality "1"]

1. e4 c5 2. Nf3 d6 3. d4 cxd4 4. Qxd4 Nc6 5. Bb5 Bd7 6. Bxc6 bxc6 7. c4 Qb6 8. Qd3 g6 9. O-O Bg7 10. Nc3 Nf6 11. h3 O-O 12. Re1 Rfd8 13. b3 h6 14. Bb2 a5 15. Qd2 Kh7 16. Rad1 Be6 17. Nd4 Bd7 18. Nf3 Be6 19. Qc1 Rac8 20. Nd4 Bd7 21. Na4 Qa7 22. c5 dxc5 23. Nxc5 Be8 24. Nf3 Nd7 25. Bxg7 Kxg7 26. Qc3+ Kh7 27. Nxd7 Rxd7 28. Ne5 Rd6 29. Rxd6 exd6 30. Ng4 h5 31. Nf6+ Kh6 32. Qd2+ Kg7 33. Qxd6 Qb8 34. Qd4 Kh6 35. Qd2+ Kg7 36. Qg5 Qb5 37. e5 Qb4 38. Rd1 a4 39. bxa4 Qxa4 40. Rd2 c5 41. Nxh5+ Kg8 42. Nf6+ Kg7 43. Ng4 Kf8 1-0